| 000 | 00357nam a2200133Ia 4500 | ||
|---|---|---|---|
| 008 | 240624s9999 xx 000 0 und d | ||
| 041 | _aeng | ||
| 082 | _a020 EDE | ||
| 100 | _aEDEN BRADFORD LEE | ||
| 245 | _aINNOVATIVE REDESIGN AND REORGANIZATION O | ||
| 260 |
_c2005 _aLondon _bLibraries Unlimited |
||
| 300 | _axii, : 480 : p. : cm. ; 23 | ||
| 365 |
_cRS _b35 |
||
| 999 |
_c5792 _d5792 |
||